01447 a2200217 45000010006000000050017000060080041000230030015000640400040000790800092001192450084002110200022002952500013003172640034003303000023003645050678003870410008010651000029010737000028011028560099011305324120260407155806.0260407a2021 arg spa dAR-UNSa-BCEJYS aAR-UNSa-BCEJYSbspacAR-UNSa-BCEJYS a336.226.111xImpuestos sobre ingresos totales (Ingresos brutos - Convenio Multilateral)10aConvenio multilateral, Impuestos internos, MonotributopExplicados y comentados a978-987-01-2792-5 a15a. ed. 1aBuenos Aires :bErreparc2021 axi, 150 p.c27 cm. aCONVENIO MULTILATERAL: 1. Introducción – 2. Ámbito de aplicación del convenio multilateral – 3. Régimen general – 4. Regímenes especiales – 5. Iniciación y cese de actividades – 6. Organismo de aplicación - - IMPUESTOS INTERNOS: 1. Aspectos generales – 2. Hecho imponible – 3. Exenciones – 4. Liquidación del impuesto – 5. Pago del impuesto – 6. Alícuotas - - MONOTRIBUTO: 1. Introducción – 2. Características generales – 3. Liquidación del gravamen – 4. Abandono del régimen simplificado – 5. Interrelación con otras normas – 6. Disposiciones y beneficios para determinados sujetos – 7. Tablas complementarias.  aspa1 aCeldeiro, Ernesto Carlos1 aImirizaldu, Juan José41uhttps://www.biblioeco.unsa.edu.ar/pmb/images/libros/L128380.jpgyImagen de portadaqimage/jpeg